000 00265nam a2200097Ia 4500
001 640811
005 20250826153454.0
008 250824s9999 xx 000 0 und d
245 0 _aŞİRİN İZCİ KAMPINDAN BİLDİRİYOR
_cBİRSEN EKİM ÖZEN
260 _bGENÇ TİMAŞ
999 _c640811
_d640811